000 00628nam a2200205Ii 4500
001 13142
003 CO-ViMGA
008 241108s9999||||xx |||||||||||||| ||und||
040 _aCO-ViMGA
_bspa
_erda
_cCO-ViMGA
041 0 _aspa
082 0 4 _aCG 927 - R45p
100 1 _aFabio Rincón
_946689
245 1 0 _aLa potra Geithner:
_bEl cuento de hadas de la estrella que esperaba Colombia
264 1 _aBogotá, Colombia : Presencia, 1993
300 _avolumen
336 _atext
_btxt
_2rdacontent
337 _aunmediated
_bn
_2rdamedia
338 _avolume
_bnc
_2rdacarrier
940 _aidficha_siabuc: 12846. -- ficha_no_siabuc:13142
999 _c41259
_d41259